000 01044nam a2200313 4500
003 EG-GICUC
005 20260420211847.0
008 260420s2003 ua ||||fr|||| 00| 0 ara d
017 _a2002/18788
020 _a977-09-0880-0
040 _a EG-GICUC
_bara
_c EG-GICUC
_d EG-GICUC
_erda
041 0 _aara
082 0 4 _221
_a341.2
_bع ص . م
092 0 4 _221
099 _aLaw1 11 341.2 ع ص . م 2003
100 0 _aعصمت عبد المجيد
_eAuthor.
245 1 0 _aمواقف وتحديات فى العالم العربى /
_cعصمت عبد المجيد.
250 _aالطبعة الاولى
264 1 _aالقاهرة :
_bدار الشروق،
_c2003.
300 _a383 ؛ صفحة
_c24 سم
336 _2rda content
_atext
337 _2rda media
_aComputer
338 _2rda carrier
_aOnline Resource
546 _aالنص باللغة العربية
650 1 4 _aالقانون الدولي العام
856 4 0 _uhttps://fll.law.cu.edu.eg/fulltext/bks/B11-10174.pdf
905 _a30
942 _2ddc
_cBK
_e21
_n0
999 _c72502
_d72502